000
00240nam a2200097Ia 4500
008
231207s9999 xx 000 0 und d
082
_a
701
_b
SHA
100
_a
Sharma, B. R.
245
4
_a
The death of art
260
_b
University Press of America
999
_c
40072
_d
40072